Представление документа в формате MARC21

Поле Инд. ПП Название Значение
Тип записи a
Библиографический уровень m
001 _ Контрольный номер RU/URAIT/538897
005 _ Дата корректировки 20250915104042.2
008 Кодируемые данные 221209s2024 RU y f j 000 0 rus u
020 a ISBN 978-5-534-15943-1
c Цена, тираж 1259.00
040 a Служба первич. каталог. ИКО Юрайт
c Служба, преобразующая запись ИКО Юрайт
e Правила каталог. RCR
041 a Код языка текста rus
044 a Код страны публикации RU
080 a Индекс УДК 34(075.8)
084 2 Источник индекса rubbk
a Индекс другой классификации/Индекс ББК 67я73
100 1_ a Автор Бялт Виктор Сергеевич
q Полное имя Виктор Сергеевич
245 a Заглавие Правоведение
b Продолж. заглавия учебное пособие для вузов
c Ответственность В. С. Бялт.
250 g испр. и доп
a Основные сведения об издании 3-е изд.
256 a Характеристики компьютерного файла Электрон. дан.
260 a Место издания Москва
b Издательство Юрайт
c Дата издания 2024
300 a Объем 303 с
440 a Серия Высшее образование
500 a Примечание URL: https://urait.ru/bcode/538897 (дата обращения: 09.02.2024).
520 a Аннотация Издание подготовлено в соответствии с тематическим планом и программой курса «Правоведение», а также с учетом требований федеральных государственных образовательных стандартов. В курсе рассматриваются вопросы, касающиеся основ теории государства, основ регулирования отношений в обществе посредством права, институтов правонарушения и юридической ответственности, а также основ различных отраслей российского права. Весь теоретический и нормативный материал представлен в виде схем. Работа предназначена для обучающихся в образовательных организациях как юридического, так и неюридического профиля, а также может быть полезна всем интересующимся проблемами правоведения.
538 a Прим. о системных особенностях Режим доступа: Электронно-библиотечная система Юрайт, для авториз. пользователей
653 a Ключевые слова Основы государства и права. Теория государства и права
653 a Ключевые слова Юридические науки
653 a Ключевые слова Основы права
653 a Ключевые слова Правоведение
653 a Ключевые слова Право
653 a Ключевые слова Основы теории права
653 a Ключевые слова Правовое обеспечение профессиональной деятельности
653 a Ключевые слова Введение в российское право
653 a Ключевые слова Теория права
653 a Ключевые слова Основы правовых знаний
653 a Ключевые слова Правоведение (основы  теории права)
653 a Ключевые слова Право Российской Федерации
653 a Ключевые слова Основы российского законодательства
653 a Ключевые слова Основы правоведения
653 a Ключевые слова Введение в право
653 a Ключевые слова Правоведение в стандартизации
653 a Ключевые слова Основы российского права
856 40 n Местонахождение сервера Юрайт
g Электронная книга
q Тип электронного формата html
h Имя пользователя ЮРАЙТ
v Часы доступа к ресурсу 20240803
2 Способ доступа Показать документ
x Примечание для ЭОР https://urait.ru/book/cover/BD1FE3CC-9E95-41AC-9AE7-21BDA57B52A9
u URL https://urait.ru/bcode/538897
z Примечание для пользователя Участвует в КО
856 41 q Тип электронного формата cover
u URL https://urait.ru/book/cover/BD1FE3CC-9E95-41AC-9AE7-21BDA57B52A9